Statistics for 100 most important politicians of the 20th century

Click here to take the quiz!

General Stats

  • This quiz has been taken 2,661 times
    (2,631 since last reset)
  • The average score is 34 of 100

Answer Stats

HintAnswer% Correct
USSRIosif Vissarionovich Stalin
93%
GermanyAdolf Hitler
92%
United KingdomWinston Churchill
87%
USAFranklin Delano Roosevelt
86%
Russia/USSRVladimir Ilyich Lenin
84%
USAJohn Fitzgerald Kennedy
83%
CubaFidel Castro Ruz
81%
ChinaMao Zedong
80%
ItalyBenito Mussolini
79%
United KingdomMargaret Thatcher
77%
USARonald Reagan
75%
FranceCharles de Gaulle
72%
USSRMikhail Sergeyevich Gorbachev
72%
IndiaMohandas (Mahatma) Gandhi
71%
IndiaIndira Gandhi
70%
North KoreaKim Il-Sung
69%
USAHarry Spencer Truman
66%
South AfricaNelson Mandela
66%
USADwight Eisenhower
64%
SpainFrancisco Franco Bahamonde
63%
IraqSaddam Hussein
61%
USAThomas Woodrow Wilson
60%
UgandaIdi Amin Dada
57%
CambodiaPol Pot
57%
TibetXIV. Dalai Lama
57%
JapanHirohito
56%
VietnamHo Chi Minh
56%
YugoslaviaJosip Broz Tito
51%
CubaErnesto Guevara Serna (Che)
49%
TurkeyMustafa Kemal Atatürk
48%
RussiaBoris Nikolayevich Yeltsin
47%
ArgentinaJuan Perón
46%
Palestine/IsraelMohammed Yasser Arafat al-Qudwa
46%
LibyaMuammar al-Gaddafi
43%
IranRuhollah Moosavi Khomeini
43%
SyriaHafez al-Assad
42%
United KingdomArthur Neville Chamberlain
39%
FRG/GermanyHelmut Kohl
38%
IsraelDavid Ben-Gurion
35%
USSRLeonid Ilyich Brezhnev
35%
EthiopiaHaile Selassie I.
34%
PolandLech Wałęsa
34%
EgyptGamal Abdel Nasser
33%
PhilippinesFerdinand Edralin Marcos
32%
EgyptMuhammad Anwar El Sadat
32%
PakistanBenazir Bhutto
31%
China/TaiwanChiang Kai-Shek
30%
FRGKonrad Adenauer
30%
IranMohammad Reza Shah Pahlavi
30%
ChileSalvador Allende Gossens
30%
ChinaDeng Xiaoping
29%
IndiaJawaharlal Nehru
29%
FRGWilly Brandt
29%
IsraelYitzhak Rabin
28%
USSRNikita Khrushchev
27%
RomaniaNicolae Ceaușescu
23%
PortugalAntónio de Oliveira Salazar
22%
IndonesiaSukarno
22%
AlbaniaEnver Hoxha
21%
CzechoslovakiaVáclav Havel
21%
GDRErich Honecker
20%
Congo/ZaireMobutu Sese Seko
20%
USAMartin Luther King
19%
SwedenOlof Palme
18%
KenyaJomo Kenyatta
17%
GermanyPaul von Beneckendorff und von Hindenburg
16%
Saudi ArabiaAbdulaziz Ibn Saud
15%
IsraelMenachem Begin
15%
FranceGeorges Clemenceau
14%
FranceFrançois Mitterrand
12%
ChinaSun Yat-Sen
12%
CzechoslovakiaAlexander Dubček
10%
IrelandÉamon de Valera
10%
Central African RepublicJean-Bédel Bokassa
10%
HungaryImre Nagy
9%
United NationsDag Hammarskjöld
8%
GDRWalter Ulbricht
8%
FRGLudwig Erhard
7%
HungaryMiklós Horthy
7%
BrazilGetúlio Dornelles Vargas
6%
HungaryJános Kádár
6%
PolandJózef Piłsudski
6%
TanzaniaJulius Nyerere
6%
CyprusMakarios III.
6%
AlgeriaAhmed Ben Bella
5%
NicaraguaAnastasio Somoza DeBayle
5%
GermanyFriedrich Ebert
5%
Sri LankaSirimavo Bandaranaike
5%
CzechoslovakiaTomáš Garrigue Masaryk
5%
ItalyAlcide De Gasperi
4%
SenegalLéopold Sédar Senghor
4%
CambodiaNorodom Sihanouk
4%
AustriaBruno Kreisky
3%
GreeceEleftherios Venizelos
3%
GermanyGustav Stresemann
3%
PortugalMário Alberto Nobre Lopes Soares
3%
Costa RicaÓscar Arias Sánchez
3%
GermanyRosa Luxemburg
3%
SwedenTage Fritiof Erlander
3%
FranceRobert Schuman
2%

Score Distribution

Percentile by Number Answered

Percent of People with Each Score

Your Score History

You have not taken this quiz since the last reset